最後的禮物

資料類型: Book 圖書   書目號:35445

Leader xxxxxxxxxx
001 __ DYNIX__393494
005 __ 20050205151043.0
008 __                                    chi  
010 0_ |a957-29655-3-0|b平裝|dNT$100
100 __ |a20050205d2004    m  y0chiy09      e.
101 0_ |achi.
102 __ |atw.
105 __ |ay   z   000ay.
200 1_ |a最後的禮物|e|f葉文鶯等作.
205 __ |a初版.
210 __ |a臺北市|c慈濟中文期刊部|d民93.
215 0_ |a267面|c|d18公分.
225 12 |a生命系列|v2.
260 1_ |a2004.
300 __ |a
606 __ |2csh|a器官捐贈|x通俗作品.
681 __ |a857.85|b4409.
700 _1 |a|b文鶯.|4
702 __ |a|b|4
801 _0 |atw|bCIP|c20041115|gCCR.
801 _2 |atw|bPTL|c20050205|gCCR|m4.
詳細館藏(共 1 筆)
索 書 號登 錄 號冊次號館別 / 館藏地流通類型狀態加入預約清單電子資源
857.85 / 8862 2015003  圖書館 / 一樓普通區 可外借30天 在館   

| 條列資料




目錄查詢 分類查詢 個人資料 圖書薦購 新書查詢 閉館日 排行榜 更多電子資源 Hami書城 線上資料庫 登出

From : 216.73.216.116

  本日流通累計至 21:42:52 借閱 : 6 次 續借 : 0 次 歸還 : 8 次 預約 : 0 次 電子資源 : 0 次


內湖高中圖書館  PCLIS 版本  25.5.0.2